MARC details
| 000 -CABECERA |
| campo de control de longitud fija |
03336nam a22003973i 4500 |
| 001 - NÚMERO DE CONTROL |
| campo de control |
991027370233807026 |
| 003 - IDENTIFICADOR DEL NÚMERO DE CONTROL |
| campo de control |
UkOxU |
| 005 - FECHA Y HORA DE LA ÚLTIMA TRANSACCIÓN |
| campo de control |
20251022171449.0 |
| 006 - CÓDIGOS DE INFORMACIÓN DE LONGITUD FIJA--CARACTERÍSTICAS DEL MATERIAL ADICIONAL |
| campo de control de longitud fija |
m o d | |
| 007 - CAMPO FIJO DE DESCRIPCIÓN FÍSICA--INFORMACIÓN GENERAL |
| campo de control de longitud fija |
cr cnu|||||||| |
| 008 - DATOS DE LONGITUD FIJA--INFORMACIÓN GENERAL |
| campo de control de longitud fija |
240928s2024 xx o ||||0 spa d |
| 020 ## - NÚMERO INTERNACIONAL ESTÁNDAR DEL LIBRO |
| Número Internacional Estándar del Libro |
9788418657641 |
| 035 ## - NÚMERO DE CONTROL DEL SISTEMA |
| Número de control de sistema |
(MiAaPQ)EBC31690116 |
| 035 ## - NÚMERO DE CONTROL DEL SISTEMA |
| Número de control de sistema |
(Au-PeEL)EBL31690116 |
| 035 ## - NÚMERO DE CONTROL DEL SISTEMA |
| Número de control de sistema |
(CKB)36193828600041 |
| 035 ## - NÚMERO DE CONTROL DEL SISTEMA |
| Número de control de sistema |
(OCoLC)1457640954 |
| 035 ## - NÚMERO DE CONTROL DEL SISTEMA |
| Número de control de sistema |
(EXLCZ)9936193828600041 |
| 040 ## - FUENTE DE LA CATALOGACIÓN |
| Centro catalogador/agencia de origen |
MiAaPQ |
| Lengua de catalogación |
eng |
| Normas de descripción |
rda |
| -- |
pn |
| Centro/agencia transcriptor |
MiAaPQ |
| Centro/agencia modificador |
MiAaPQ |
| 041 ## - CÓDIGO DE LENGUA |
| Código de lengua del texto/banda sonora o título independiente |
spa |
| 050 ## - SIGNATURA TOPOGRÁFICA DE LA BIBLIOTECA DEL CONGRESO |
| Número de clasificación |
QP376.C37 |
| 100 ## - ENTRADA PRINCIPAL--NOMBRE DE PERSONA |
| Nombre de persona |
Castellanos, Nazareth |
| 9 (RLIN) |
26277 |
| Término indicativo de función/relación |
author |
| 245 10 - MENCIÓN DE TÍTULO |
| Título |
El espejo del cerebro |
| Resto del título |
: neurociencia y meditación |
| Mención de responsabilidad, etc. |
/ Nazareth Castellanos. |
| 250 ## - MENCIÓN DE EDICIÓN |
| Mención de edición |
Thirteenth edition. |
| 260 ## - PUBLICACIÓN, DISTRIBUCIÓN, ETC. |
| Lugar de publicación, distribución, etc. |
Madrid : |
| Nombre del editor, distribuidor, etc. |
Editorial La Huerta Grande, |
| Fecha de publicación, distribución, etc. |
2024. |
| 300 ## - DESCRIPCIÓN FÍSICA |
| Extensión |
114 pages ; |
| Dimensiones |
20 cm. |
| 490 ## - MENCIÓN DE SERIE |
| Mención de serie |
Ensayo Series ; |
| Designación de volumen o secuencia |
v.27 |
| 505 ## - NOTA DE CONTENIDO CON FORMATO |
| Nota de contenido con formato |
1. Saborear la palabra — 2. El cerebro de Don Santiago — 3. Atender al presente-mindfulness — 4. La atención, un paso al frente — 5. El espejo del cerebro — 6. Mucho ruido y pocas nueces — 7. Meditando en el laboratorio — 8. Espectador y actor de la emoción — 9. Espejo y libertad |
| 520 ## - SUMARIO, ETC. |
| Sumario, etc. |
Conocer el cerebro es el gran reto de la neurociencia, y se podría decir que es uno de los grandes retos de nuestro tiempo. La autora de este ensayo nos invita a hacerlo a través de su experiencia científica en laboratorios y su continua búsqueda de conocimiento en áreas, todas interco- nectadas, como la medicina, la filosofía o la espiritualidad. Este libro recoge los resultados de la neurociencia de la meditación donde se muestran los cambios cerebrales que suceden cuando tenemos una actitud atenta y consciente. Estas investigaciones nos invitan a conocer los obstáculos de la mente y a recordar que la biología nos permite moldearnos y ser escultores de nuestro propio cerebro. «Escribir este libro, nos dice la autora, ha sido como destilar la neurociencia para extraer el aceite que nos ayude a cono cernos a nosotros mismos».Este libro es una oda al crecimiento personal basado en la neurociencia y la reflexión filosófica. |
| 520 ## - SUMARIO, ETC. |
| Sumario, etc. |
Understanding the brain is the great challenge of neuroscience—and one of the greatest challenges of our time. The author of this essay invites us to explore it through her own scientific experience in laboratories and her ongoing search for knowledge across interconnected fields such as medicine, philosophy, and spirituality.<br/><br/>This book presents the findings of neuroscience research on meditation, showing the brain changes that occur when we adopt an attentive and mindful attitude. These studies encourage us to recognize the mind’s obstacles and to remember that biology allows us to shape ourselves—to become sculptors of our own brains.<br/><br/>“Writing this book,” the author says, “has been like distilling neuroscience to extract the essence that helps us understand ourselves.”<br/><br/>This book is an ode to personal growth grounded in neuroscience and philosophical reflection. |
| 588 ## - NOTA DE FUENTE DE LA DESCRIPCIÓN |
| Nota de fuente de la descripción |
Description based on publisher supplied metadata and other sources. |
| 650 #0 - PUNTO DE ACCESO ADICIONAL DE MATERIA--TÉRMINO DE MATERIA |
| Término de materia o nombre geográfico como elemento de entrada |
Medicine |
| 9 (RLIN) |
25537 |
| 650 #0 - PUNTO DE ACCESO ADICIONAL DE MATERIA--TÉRMINO DE MATERIA |
| Término de materia o nombre geográfico como elemento de entrada |
Mind and body |
| 9 (RLIN) |
11131 |
| 650 #0 - PUNTO DE ACCESO ADICIONAL DE MATERIA--TÉRMINO DE MATERIA |
| Término de materia o nombre geográfico como elemento de entrada |
Mindfulness-based cognitive therapy |
| 9 (RLIN) |
24752 |
| 650 #0 - PUNTO DE ACCESO ADICIONAL DE MATERIA--TÉRMINO DE MATERIA |
| Término de materia o nombre geográfico como elemento de entrada |
Neurosciences |
| 9 (RLIN) |
11153 |
| 942 ## - ELEMENTOS DE ENTRADA AGREGADA (KOHA) |
| Fuente del sistema de clasificación o colocación |
Clasificación de Library of Congress |